| 000 | 00863 a2200229 4500 | ||
|---|---|---|---|
| 999 |
_c7354 _d7354 |
||
| 020 | _a9780415844543 (hardback) | ||
| 020 | _a9780415844550 (pbk.) | ||
| 020 | _a9780203752951 (ebook) | ||
| 050 | 0 | 0 | _aDT20.ASA 2015 |
| 100 | 1 |
_aAsante, Molefi Kete, _d1942- _eauthor. |
|
| 245 | 1 | 4 |
_aThe history of Africa : _bthe quest for eternal harmony / _cMolefi Kete Asante. |
| 250 | _aSecond edition. | ||
| 264 | 1 |
_aNew York : _bRoutledge, _c2015. |
|
| 300 |
_axvi, 399 pages : _billustrations, map ; |
||
| 500 | _aIncludes bibliographical references (pages 382-386) and index. | ||
| 504 | _aIncludes bibliographical references (pages 382-386) and index. | ||
| 650 | _aHistory of Africa | ||
| 651 | 0 | _aAfrica | |
| 651 | 0 | _aAfrica | |
| 942 |
_2lcc _cBK _h20 _iASA _kDT |
||